Chip počítačový magazín

Gespeichert in:
Bibliographische Detailangaben
Format: Schriftenreihe
Sprache:Tschechisch
Veröffentlicht: Praha Vogel Publ. 1996
Schlagworte:
Tags: Tag hinzufügen
Keine Tags, Fügen Sie das erste Tag hinzu!

MARC

LEADER 00000nas2a2200000 4500
001 s107288
005 20221221070505.0
022 |a 1210-0684 
041 0 |a cze 
044 |a CZ 
245 1 0 |a Chip  |b počítačový magazín 
264 1 |a Praha  |b Vogel Publ.  |c 1996 
300 |a 2 zv. 
773 0 |w eu_un_cat*s120051 
610 2 0 |a mikropočítače 
610 2 0 |a technika výpočtová 
610 2 0 |a jazyky programovacie 
610 2 0 |a hardvér 
610 2 0 |a softvér